书目信息 |
| 题名: |
马克思主义论国家
|
|
| 作者: | 列宁 著 ;宋书声 , 籍维立 译 | |
| 分册: | ||
| 出版信息: | 北京 人民出版社 1964.01 |
|
| 页数: | 101页 | |
| 开本: | 20cm | |
| 丛书名: | ||
| 单 册: | ||
| 中图分类: | A225 | |
| 科图分类: | ||
| 主题词: | 列字著作--单行本--1917年 | |
| 电子资源: | ||
| ISBN: | ||
| 000 | 00617nam0 2200217 45 | |
| 001 | 0181023519 | |
| 005 | 20060725083259.76 | |
| 010 | @dCNY0.27 | |
| 091 | @a1001.71 | |
| 100 | @a20810111d km y0chiy0120 ea | |
| 101 | 0 | @achi |
| 200 | 1 | @a马克思主义论国家@AMA KE SI ZHU YI LUN GUO JIA@f列宁著@FLie Ning Zhu@g宋书声,籍维立译 |
| 210 | @a北京@c人民出版社@d1964.01 | |
| 215 | @a101页@d20cm | |
| 606 | 0 | @a列字著作@x单行本@z1917年 |
| 690 | @aA225@v3 | |
| 701 | 0 | @a列宁@4著 |
| 702 | 0 | @a宋书声@ASong Shu Sheng@4译 |
| 702 | 0 | @a籍维立@AJi Wei Li@4译 |
| 801 | @aCN@bTSTC@c20060725 | |
| 905 | @dA225@e13:1702@f1@b65557 | |
| 马克思主义论国家/列宁著/宋书声,籍维立译.-北京:人民出版社,1964.01 |
| 101页;20cm |
| ISBN :CNY0.27 |
| ● |
| 相关链接 |
|
|
|
|
正题名:马克思主义论国家
索取号:A225/13:1702
 
预约/预借
| 序号 | 登录号 | 条形码 | 馆藏地/架位号 | 状态 | 备注 |
| 1 | 0065551 | 000952204 | 第一借阅区/ [索取号:A225/13:1702] | 在馆 | |
| 2 | 0065552 | 000952286 | 第一借阅区/ [索取号:A225/13:1702] | 在馆 | |
| 3 | 0065553 | 000952240 | 第一借阅区/ [索取号:A225/13:1702] | 在馆 | |
| 4 | 0065554 | 000952080 | 第一借阅区/ [索取号:A225/13:1702] | 在馆 | |
| 5 | 0065555 | 000952320 | 第一借阅区/ [索取号:A225/13:1702] | 在馆 | |
| 6 | 0065556 | 000952124 | 第一借阅区/ [索取号:A225/13:1702] | 在馆 | |
| 7 | 0065557 | 001969828 | 第一借阅区/ [索取号:A225/13:1702] | 在馆 | |
| 8 | 0065558 | 202199156 | 密集书库/ [索取号:A225/13:1702] | 在馆 | |
| 9 | 0065559 | 000952044 | 第一借阅区/ [索取号:A225/13:1702] | 在馆 | |
| 10 | 0065560 | 000952160 | 第一样本阅览室/ [索取号:A225/13:1702] | 在馆 | |
| 11 | 0426030 | 204260307 | 密集书库/ [索取号:A225/13:1702] | 在馆 |